00453 2200193 4500001002100000005001500021035002000036007000300056008004100059020002200100082001200122084001800134100000800152245001800160250000600178260003100184300002800215700001600243INLIS00000000000159420231121105612 a0010-1123000225ta231121 b 0 ind  a978-623-206-367-9 a2x0.01k a2x0.01k AAN s0 aAan1 aSyafaakallaah a- aSolo :bTiga Ananda,c2019 a32 :bilus. ;c25 cme-1 aWulandari U